[Event "Zonal 2.3 Absoluto 2022"]
[Site "San Pedro de Macoris"]
[Date "2022.03.24"]
[Round "6.1"]
[White "Albornoz Cabrera, Carlos Daniel"]
[Black "Barrientos, Sergio E"]
[Result "1-0"]
[WhiteElo "2567"]
[BlackElo "2468"]
[Annotator "TA"]
[PlyCount "30"]
[EventDate "2022.03.20"]
[EventCountry "DOM"]
[SourceTitle "playchess.com"]
[Source "ChessBase"]
[SourceQuality "1"]

{[%evp 11,30,45,41,18,60,51,56,56,59,47,76,70,69,70,77,68,88,68,83,68,70]} 1. e4 c5 2. Nf3 e6 3. d4 cxd4 4. Nxd4 a6 5. Bd3 Nf6 6. O-O e5 7. Nf3 {B42: Sicilian: Kan Variation: 5 Bd3.} d6 (7... Nc6 $11) 8. c4 $14 Be7 9. Nc3 O-O {[#]} 10. a3 $146 ({Predecessor:} 10. h3 Nc6 11. Be3 Be6 12. Rc1 Nd7 13. a3 Nc5 14. Nd5 Rc8 15. Bc2 Re8 16. b4 {½-½ (106) Malakhov,I (2449)-Rozum,I (2468) St Petersburg 2011}) 10... Nc6 11. h3 Be6 12. Be3 Nd7 13. b4 h6 14. Qd2 Re8 15. Rfc1 {White is more active.} Bf8 {Weighted Error Value: White=0.08 (flawless) /Black=0.10 (very precise)} 1-0

[Event "Zonal 2.3 Absoluto 2022"]
[Site "San Pedro de Macoris"]
[Date "2022.03.24"]
[Round "6.2"]
[White "Cardoso Cardoso, Jose Gabriel"]
[Black "Ibarra Chami, Luis Fernando"]
[Result "0-1"]
[WhiteElo "2461"]
[BlackElo "2451"]
[Annotator "TA"]
[PlyCount "94"]
[EventDate "2022.03.20"]
[EventCountry "DOM"]
[SourceTitle "playchess.com"]
[Source "ChessBase"]
[SourceQuality "1"]

{[%evp 24,94,39,56,71,35,44,47,59,52,62,58,88,0,11,0,0,8,0,0,0,0,0,0,0,0,20,0,0,0,0,0,0,0,0,-74,-33,-32,-32,-32,-21,-21,-19,-75,-74,-296,-274,-418,-456,-443,-442,-391,-334,-272,-287,-512,-471,-642,-619,-616,-606,-547,-529,-836,-467,-467,-467,-431,-352,-575,-555,-29989,-29990]} 1. e4 c5 2. Nf3 {[%cal Bg1f3,Bf3d4,Bd4b5][%mdl 32]} Nc6 3. d4 cxd4 4. Nxd4 Nf6 5. Nc3 e5 6. Ndb5 d6 7. Bg5 a6 8. Na3 b5 9. Nd5 Be7 10. Bxf6 Bxf6 11. c3 Ne7 12. Nxf6+ gxf6 13. Bd3 Rg8 {B33: Sicilian: Pelikan and Sveshnikov Variations.} 14. Qf3 {[#]} Qb6 $146 {[%cal Of6f5]} ({Predecessor:} 14... Bb7 15. Qxf6 Rxg2 16. Nc2 Ng6 17. Qxd8+ Rxd8 18. Ne3 Rg5 19. h4 Rh5 20. O-O-O Rxh4 21. Rxh4 Nxh4 {½-½ (31) Chevelevitch,E (2416)-Birnboim,N (2365) Rhodes 2019}) 15. Nc2 f5 {White is slightly better.} 16. exf5 Bb7 17. Qe3 (17. Be4 $2 d5 18. Qe3 (18. Bd3 $2 e4 $19) 18... Qxe3+ 19. Nxe3 dxe4 $19) 17... Qc7 {[#]} 18. Be4 ({White should try} 18. Rg1 $1 $16) 18... d5 $1 $11 {[#]} 19. f6 $1 {[%csl LRe7,LRh7]} dxe4 20. fxe7 Qxe7 21. O-O-O Rxg2 22. Qh3 {[%csl LRg2,LRh7]} Rg6 {[%cal Oe4e3]} (22... Rxf2 $2 23. Rhg1 Qe6 24. Qe3 $18) 23. Ne3 Rd8 24. Qxh7 {Intending Qh8+ and mate.} Qf6 {To avoid Qh8+. Active counter play!} 25. Rhg1 Rxd1+ 26. Rxd1 Bc8 $1 {To avoid Qh3} 27. Nd5 Qg5+ 28. Kc2 {Black must now prevent Qh8+.} Kf8 $1 {Hoping for ...Rh6.} 29. Qh8+ Rg8 {[%cal Bg6g8,Bg8h8,Bh8h2,Bh2h6][%mdl 32]} 30. h4 $1 Rxh8 31. hxg5 $15 {[%mdl 4096] Endgame KRB-KRN} Rh2 {With the idea ...Bf5.} 32. Rd2 Kg7 33. Nf6 (33. b4 $11 {keeps the balance.}) 33... Bf5 $17 {...e3+ is the strong threat.} 34. Kd1 $2 {White does not recover from this.} (34. Rd8 $17 Rxf2+ 35. Kd1) 34... Kg6 {Strongly threatening ...Rh1+.} 35. Rd6 (35. Kc1 $142) 35... Kxg5 $19 36. Ke2 Rh6 37. Ne8 Be6 {And now ...Kf4 would win.} 38. Ke3 {[#]} f5 {Threatens to win with ...Rh3+.} ({Stronger than} 38... Bxa2 39. Rxh6 Kxh6 40. Kxe4 $11) 39. b3 $2 (39. Kd2) 39... Rh3+ 40. Kd2 Bf7 41. Nc7 Rf3 42. Rd7 Bh5 ({But not} 42... Rxf2+ $2 43. Ke1 Rxa2 44. Rxf7 $19) 43. Rg7+ Bg6 44. Ke1 Rxc3 45. Nd5 Rd3 46. Nb4 (46. Ne7 Rd6 47. Rg8) 46... Rd6 47. Ra7 Bh5 {Weighted Error Value: White=0.69/Black=0.17 (very precise)} 0-1

[Event "Zonal 2.3 Absoluto 2022"]
[Site "San Pedro de Macoris"]
[Date "2022.03.23"]
[Round "6.3"]
[White "Ortiz Suarez, Isan Reynaldo"]
[Black "Sanchez Alvarez, Roberto Carlos"]
[Result "1/2-1/2"]
[WhiteElo "2531"]
[BlackElo "2407"]
[Annotator "TA"]
[PlyCount "61"]
[EventDate "2022.03.20"]
[EventCountry "DOM"]
[SourceTitle "playchess.com"]
[Source "ChessBase"]
[SourceQuality "1"]

{[%evp 26,61,0,0,0,0,0,0,0,0,0,8,7,0,0,0,0,0,7,0,0,0,0,0,0,0,0,0,0,0,0,-8,-8,-10,-10,-12,-12,-10]} 1. e4 c5 2. Nf3 d6 3. d4 cxd4 4. Nxd4 Nf6 5. Nc3 a6 6. Bg5 e6 7. f4 Be7 8. Qf3 Qc7 9. O-O-O Nbd7 10. Bd3 b5 11. Rhe1 Bb7 12. Qg3 b4 13. Nd5 exd5 14. exd5 {[#] aiming for Nf5. The position is equal.} Kd8 $1 {B99: Sicilian Najdorf: 6 Bg5 e6 7 f4 Be7 8 Qf3 Qc7 9 0-0-0 Nbd7.} 15. Nc6+ $1 ({Reject} 15. Qe3 Re8 16. Nf5 Nxd5 $15) 15... Bxc6 16. dxc6 Qxc6 {And now ...d5 would win.} 17. Bxf6 Nxf6 ({But not} 17... Bxf6 18. Be4 Qa4 19. Bxa8 Qxa2 20. Qb3 (20. Rxd6 Qxb2+ 21. Kd1 Qb1+ 22. Ke2 Qxc2+ 23. Kf3 Re8 $14) 20... Qa1+ 21. Kd2 Qxb2 22. Ke3 $14) 18. Qxg7 Re8 19. Qxf7 {[%cal Oe1e7] Black must now prevent Rxe7!} Ra7 20. Rxe7 {[%mdl 64] [#] Remove Defender} Raxe7 21. Qxf6 {[%cal Od3g6] Hoping for Bg6!} Qc5 22. Bxa6 {Really sharp!} Kc7 {...Qe3+ is the strong threat.} 23. Qd4 Qxd4 24. Rxd4 Re4 25. Rxe4 Rxe4 $11 {[%mdl 4096] Endgame KR-KB} 26. g3 Re1+ $1 27. Kd2 Rh1 28. Ke3 Rxh2 29. Bd3 {[#]} h5 $146 ({Predecessor:} 29... d5 30. a4 b3 31. cxb3 Rxb2 32. Bxh7 Rxb3+ 33. Kd4 Kd6 34. Bd3 Rb4+ 35. Ke3 Rxa4 {½-½ (45) Siva,M (2349)-Volkov,M (2113) Chess.com INT 2022}) 30. f5 d5 {[%mdl 1024] Black has compensation.} 31. a4 {An interesting draw.  Weighted Error Value: White=0.02 (flawless) /Black=0.00 (flawless)} 1/2-1/2

[Event "Zonal 2.3 Absoluto 2022"]
[Site "San Pedro de Macoris"]
[Date "2022.03.24"]
[Round "6.4"]
[White "Mateus, Alejandro"]
[Black "Valdes Romero, Leonardo"]
[Result "0-1"]
[WhiteElo "2313"]
[BlackElo "2404"]
[Annotator "TA"]
[PlyCount "140"]
[EventDate "2022.03.20"]
[EventCountry "DOM"]
[SourceTitle "playchess.com"]
[Source "ChessBase"]
[SourceQuality "1"]

{[%evp 18,140,-8,-4,0,-25,-44,-49,-47,-50,0,0,24,21,45,39,49,46,73,73,94,65,77,29,27,31,169,160,171,155,147,145,156,81,113,85,115,36,47,9,8,8,8,6,10,0,0,0,0,0,3,-82,-69,-240,-241,-217,-237,-219,-235,-235,-227,-197,-79,-80,-80,-89,-78,-74,-78,-74,-73,-80,-76,-107,-47,-47,-40,-40,-16,-24,-16,-16,-16,-16,-16,-16,-16,-32,-40,-560,-560,-1043,-560,-1243,-1243,-1243,-1243,-891,-830,-668,-435,-1243,-1236,-1243,-1243,-1243,-1206,-1654,-1243,-1116,-489,-770,-28,-28,-28,-28,-28,-29980,-29981,-29980,-29981,-29983,-29984,-29984,-29985]} 1. e4 d6 2. d4 Nf6 3. Nc3 g6 4. f4 Bg7 5. Nf3 c5 6. e5 Nfd7 7. exd6 O-O 8. Be3 exd6 9. Qd2 Nc6 10. O-O-O Qa5 {B09: Pirc Defence: Austrian Attack.} 11. Kb1 Nf6 $1 12. h3 Bf5 {Black is slightly better.} 13. a3 {[#] To avoid Nb4} Rac8 $146 (13... Rab8 $15 14. dxc5 dxc5) ({Predecessor:} 13... Rad8 14. d5 Ne7 15. g4 Bd7 16. Ne4 Qxd2 17. Nxf6+ Bxf6 18. Rxd2 b5 19. b3 a5 {0-1 (40) Sutterer,R-Smreszanyi,L Buehl 1983}) 14. Bd3 $11 Bxd3 (14... b5 $5 15. Nxb5 Bxd3 16. Qxd3 Rfd8 $11) 15. Qxd3 Ne7 16. dxc5 dxc5 17. Ne5 a6 18. g4 Qc7 19. Qd6 Rfe8 20. Rhe1 (20. Bf2 $16) 20... Qxd6 $1 21. Rxd6 b5 (21... h5 $14) 22. Rxa6 $18 b4 23. axb4 cxb4 24. Nb5 Ne4 25. Rd1 {Prevents Nd5.} (25. Nd6 $142 Nxd6 26. Rxd6) 25... Red8 26. Rxd8+ (26. Nd7 {is more complex.} Nc6 27. Na7 Nxa7 28. Rxa7 Rc6 29. g5) 26... Rxd8 27. Nd3 (27. Ra7 $16 Re8 28. Nc7) 27... b3 $14 28. Ra3 bxc2+ 29. Kxc2 Nd5 30. Bc1 Rc8+ 31. Kb1 Rb8 32. Na7 Nec3+ 33. Ka1 Ne2 34. Bd2 (34. Nc6 $11 {keeps the balance.} Rc8 35. Ra6) 34... Nexf4 {Black is more active.} (34... Ndxf4 {looks sharper.} 35. Nc6 Nxd3 36. Rxd3 Bxb2+ 37. Kb1 Rb6) 35. Nxf4 (35. Bc1 $15 Nxh3 36. Nc6) 35... Bxb2+ $19 36. Ka2 Bxa3 37. Kxa3 {[#]} Nxf4 38. Bxf4 Ra8 39. Be3 {[#]} Re8 (39... Rd8 $1 $19 {[%cal Rd8d3] and Black stays clearly on top. ...Rd3+ is the strong threat.} 40. Kb4 Rd3) 40. Bd4 $17 Re2 41. g5 Rh2 42. Nc6 h5 43. gxh6 Rxh3+ 44. Kb4 Rxh6 45. Kc4 Rh3 ({Better is} 45... Rh5 $17 46. Kd3 Kf8) 46. Kd5 $15 Kh7 47. Ne5 f5 48. Nf7 {Hoping for Ng5+.} Ra3 49. Ke5 Ra4 50. Bc3 Rc4 51. Bd4 Kg7 52. Ng5 Kh6 53. Nf3 {[%mdl 8192]} (53. Ne6 $15) 53... Kh5 $19 {Strongly threatening ...Ra4.} 54. Kf4 Ra4 {[%cal Og6g5]} 55. Ke5 Kg4 56. Nh2+ Kg3 57. Nf1+ Kg2 58. Ne3+ Kf3 59. Nf1 (59. Nd5 $142 Ra5 60. Bb6) 59... g5 {White must now prevent ...f4.} 60. Nd2+ Kg4 61. Nb3 f4 {And now ...Kg3 would win.} 62. Ke4 Kg3 {aiming for ...f3.} 63. Nc5 Rc4 (63... Rb4 $142 64. Nd3 Rc4) 64. Kd3 (64. Kd5 $142 Rc2 65. Ne4+ Kg4 66. Bc3) 64... Rc1 $2 ({Black should try} 64... Rb4 $19 65. Ne4+ Kg4) 65. Ne4+ $11 Kg4 66. Bf6 Re1 67. Bxg5 $2 {[%mdl 8192]} (67. Nxg5 $11 Kf5 68. Kd2) 67... Re3+ $1 {Black mates.} 68. Kd4 Kf5 69. Nc3 Kxg5 70. Nd5 Re1 {Both players deserved the win here.  Weighted Error Value: White=0.54/Black=0.21 (precise)} 0-1

[Event "Zonal 2.3 Absoluto 2022"]
[Site "San Pedro de Macoris"]
[Date "2022.03.23"]
[Round "6.6"]
[White "Camacho Campusano, David Daniel"]
[Black "Perez Rodriguez, Luis Manuel"]
[Result "1/2-1/2"]
[WhiteElo "2205"]
[BlackElo "2324"]
[Annotator "ChessBase"]
[PlyCount "28"]
[EventDate "2022.03.20"]
[EventCountry "DOM"]
[SourceTitle "playchess.com"]
[Source "ChessBase"]
[SourceQuality "1"]
[TimeControl "40/5400+30:1800+30"]

1. c4 {[%emt 1:31:00]} e5 {[%emt 0:01:45]} 2. Nc3 {[%emt 0:00:00]} Nf6 {[%emt 0:00:20]} 3. Nf3 {[%emt 0:00:00]} Nc6 {[%emt 0:00:22]} 4. e4 {[%emt 0:00:00]} Bc5 {[%emt 0:01:25]} 5. Nxe5 {[%emt 0:00:00]} Nxe5 {[%emt 0:00:04]} 6. d4 {[%emt 0:00:00]} Bb4 {[%emt 0:00:06]} 7. dxe5 {[%emt 0:00:00]} Nxe4 {[%emt 0:00:39]} 8. Qf3 {[%emt 0:00:00]} f5 {[%emt 0:05:49]} 9. Bd3 {[%emt 0:00:00]} d5 {[%emt 0:22:51]} 10. O-O {[%emt 0:00:00]} Bxc3 {[%emt 0:09:58]} 11. bxc3 {[%emt 0:00:00]} O-O {[%emt 0:07:25]} 12. cxd5 {[%emt 0:00:00]} Qxd5 {[%emt 0:00:17]} 13. Bxe4 {[%emt 0:00:00]} Qxe4 {[%emt 0:03:15]} 14. Qxe4 {[%emt 0:00:00]} fxe4 {[%emt 0:43:14]} 1/2-1/2

[Event "Zonal 2.3 Absoluto 2022"]
[Site "San Pedro de Macoris"]
[Date "2022.03.23"]
[Round "6.7"]
[White "Torres, Juan Camilo"]
[Black "Argote Heredia, Valentina"]
[Result "1/2-1/2"]
[WhiteElo "2319"]
[BlackElo "2193"]
[Annotator "TA"]
[PlyCount "15"]
[EventDate "2022.03.20"]
[EventCountry "DOM"]
[SourceTitle "playchess.com"]
[Source "ChessBase"]
[SourceQuality "1"]

{[%evp 11,15,0,56,47,48,-37]} 1. d4 Nf6 2. c4 b6 3. Nf3 e6 4. e3 Bb7 5. Bd3 c5 6. O-O Nc6 (6... Be7 $11) 7. Nc3 $14 {E14: Queen's Indian: Classical Variation (4 e3).} d5 {[#]} 8. Nb1 $146 ({Better is} 8. cxd5 $14 Nxd5 9. Qb3) ({Predecessor:} 8. cxd5 Nxd5 9. e4 Nxc3 10. bxc3 Be7 11. Bb2 cxd4 12. cxd4 O-O 13. Qe2 Nb4 14. Bc4 Rc8 {0-1 (22) Cifuentes Parada,R (2445)-Pulvett Marin,D (2468) San Sebastian 2019}) 1/2-1/2

[Event "Zonal 2.3 Absoluto 2022"]
[Site "San Pedro de Macoris"]
[Date "2022.03.24"]
[Round "7.1"]
[White "Ibarra Chami, Luis Fernando"]
[Black "Albornoz Cabrera, Carlos Daniel"]
[Result "0-1"]
[WhiteElo "2451"]
[BlackElo "2567"]
[Annotator "TA"]
[PlyCount "82"]
[EventDate "2022.03.20"]
[EventCountry "DOM"]
[SourceTitle "playchess.com"]
[Source "ChessBase"]
[SourceQuality "1"]

{[%evp 9,82,8,10,15,2,17,20,13,0,-8,-12,-35,-45,-34,-39,-47,-5,-18,0,0,-8,0,-20,-16,0,-23,-20,-41,-21,-47,-24,-77,-60,-65,-27,-63,-68,-82,-74,-86,-84,-80,-79,-81,-82,-142,-144,-158,-139,-152,-122,-128,-125,-125,-113,-123,-127,-129,-137,-177,-172,-162,-168,-265,-278,-185,-212,-376,-336,-618,-635,-631,-606,-1535,-1272]} 1. e4 c5 2. Nf3 d6 3. Bb5+ Nd7 4. d4 cxd4 5. Qxd4 a6 6. Be2 {B51: Sicilian: Moscow Variation (3 Bb5+) without 3...Bd7.} e5 7. Qe3 Ngf6 8. c4 {To avoid b5. The position is equal.} d5 $5 {[%mdl 4] An interesting side line.} 9. cxd5 {And now 0-0 would win.} Bc5 10. Qb3 Nxe4 11. O-O {[%cal Of3e5] [#]} O-O $146 ({Predecessor:} 11... Qb6 12. Qxb6 Bxb6 13. Nbd2 Nd6 14. Nc4 Nxc4 15. Bxc4 f6 16. Nd2 Bd4 17. Ne4 Nc5 18. Nxc5 Bxc5 {0-1 (49) Gavrilescu,D (2436)-Kotronias,V (2509) Budapest 2018}) 12. Be3 b5 (12... Bxe3 $15 {might be stronger.} 13. Qxe3 Ndf6) 13. Rd1 Qb6 14. Bxc5 Qxc5 15. Qe3 Qxe3 16. fxe3 Bb7 17. Nbd2 (17. a4 $5 {[%cal Ra4b5]}) 17... Nd6 18. Nb3 Rac8 19. Na5 Ba8 (19... Rc2 $5 {[%cal Rc2e2]} 20. Nxb7 Nxb7 $11) 20. Rac1 {Prevents Rc2.} (20. Nc6 $11 Bxc6 21. dxc6 Rxc6 22. a4) 20... Rxc1 $17 21. Rxc1 Rc8 {Prevents Rc7.} (21... f6 {feels hotter.} 22. Nd2 Bxd5 23. Nc6 Nf5 24. Nb4 Nb6) 22. Rxc8+ Nxc8 23. e4 {White is now going downhill.} Nd6 24. Nd2 Nc5 25. Bf3 Na4 $1 26. b3 Nc3 27. a3 (27. Nc6 $142) 27... f5 28. exf5 e4 {[%cal Be5e4,Be4e3][%mdl 32]} (28... Nxd5 $6 29. g4 $11) (28... Nxf5 $2 29. d6 Nxd6 30. Bxa8 $18) (28... Bxd5 29. Bxd5+ Nxd5 30. Nf3 $15) 29. Bg4 e3 ({Inferior is} 29... Bxd5 30. Kf2 $17) 30. Nf3 Bxd5 31. Nd4 Be4 {Prevents Nc2.} 32. Nac6 Bxc6 33. Nxc6 {[%mdl 4096] Endgame KBN-KNN} Kf7 ({But not} 33... e2 $6 34. Kf2 $11) 34. Nb4 {[#]} Nde4 $1 35. Kf1 Kf6 36. Nxa6 {[#]} (36. Ke1 $142) 36... Nd2+ $1 $19 {Pair of Knights!} 37. Ke1 Nxb3 38. Nc7 $2 (38. Be2 {might work better.}) 38... Nd4 {Hoping for ...Nc2+.} 39. h4 $2 (39. Kf1) 39... Nc2+ {Black is clearly winning.} 40. Kf1 Nxa3 {aiming for ...b4.} 41. Be2 b4 {Weighted Error Value: White=0.37/Black=0.05 (flawless)} 0-1

[Event "Zonal 2.3 Absoluto 2022"]
[Site "San Pedro de Macoris"]
[Date "2022.03.24"]
[Round "7.2"]
[White "Valdes Romero, Leonardo"]
[Black "Ortiz Suarez, Isan Reynaldo"]
[Result "1/2-1/2"]
[WhiteElo "2404"]
[BlackElo "2531"]
[Annotator "TA"]
[PlyCount "158"]
[EventDate "2022.03.20"]
[EventCountry "DOM"]
[SourceTitle "playchess.com"]
[Source "ChessBase"]
[SourceQuality "1"]

{[%evp 25,158,8,12,2,25,12,12,12,41,22,30,29,59,40,43,42,50,46,41,33,65,32,89,40,33,27,33,31,33,26,29,34,20,7,53,22,20,20,18,17,24,25,31,15,9,17,13,0,17,0,0,0,7,0,12,9,16,6,12,14,29,29,34,27,27,0,27,0,27,0,44,18,45,23,27,23,39,0,0,0,3,0,52,0,0,0,49,0,10,0,8,10,9,0,12,0,21,12,14,0,68,70,109,111,118,39,39,0,110,39,50,39,48,66,87,95,102,90,250,254,237,231,230,221,214,0,0,0,0,0,0,0,0,0,0]} 1. c4 Nf6 2. Nf3 e6 3. Nc3 d5 4. e3 Be7 5. b3 O-O 6. Bb2 c5 7. cxd5 exd5 8. d4 Nc6 9. Be2 Be6 10. dxc5 Bxc5 11. O-O Qe7 12. Nb5 Rac8 13. Rc1 Ne4 14. Nbd4 {D32: Tarrasch Defence: Sidelines and lines without g3.} Bd7 15. h3 Rfd8 16. Bd3 Bd6 17. Qe2 {[#]} Qe8 $146 ({Predecessor:} 17... Bb8 18. Rfd1 Re8 19. Bb1 Ne5 20. Rxc8 Rxc8 21. Nxe5 Qxe5 22. Nf3 Qf5 23. Nd2 Re8 {1-0 (76) Malich,B-Lengyel,L Bad Salzungen 1960}) 18. Rfd1 Ne7 19. Nb5 Bb8 20. Nc3 Bf5 21. Nh4 Nxc3 $1 22. Rxc3 Be6 23. Bb1 Ng6 (23... Rxc3 $14 24. Bxc3 f6) 24. Nxg6 (24. Rxc8 $16 Rxc8 25. Qh5) 24... hxg6 $14 25. Rxc8 Rxc8 26. Qd2 Qf8 27. Qd4 b6 28. Bd3 Bd6 29. Qa4 Rc7 (29... Qd8 $11) 30. Rc1 (30. h4 {seems wilder.} Rc8 31. Qxa7 Qd8 32. Qa4 Be7 33. g3) 30... Rxc1+ 31. Bxc1 Qe7 32. Bb2 Bc5 33. Qf4 Ba3 34. Qd4 {[%csl Gb2][%cal Rd4g7] [#]} Bxb2 35. Qxb2 Qb4 36. Kf1 Bd7 37. a3 Qd6 38. Kg1 {Inhibits Qh2+.} Bf5 39. Be2 Qc6 40. b4 Be4 41. f3 Bf5 42. Kf2 f6 43. h4 Kf7 44. Qd4 Bc2 45. Qb2 Bf5 46. Qd4 Ke7 47. Qb2 Kd6 (47... Kf7 $11) 48. g4 Bc2 49. Qd4 Ke7 50. Qd2 Ke6 51. Qd4 (51. Qc1 $5 {[%cal Re2d3]}) 51... Qc7 52. Kg2 Bb3 53. Qb2 Bc2 (53... Qc2 $11 54. Qxc2 Bxc2) 54. Qd4 ({White should try} 54. Qc1 $14 Kd6 55. Qe1) 54... Bb1 $11 55. Qb2 (55. e4 $11 {is superior.} dxe4 56. fxe4) 55... Bc2 $14 56. Qd4 (56. Qc1 $14 {was preferrable.} Kd6 57. Qe1) 56... Qc6 57. Kf2 Bb3 58. Qd3 {[%csl LRb3,LRg6]} Bc2 59. Qd4 Ba4 60. Qd3 Kf7 61. Qa6 {Threatens to win with b5.} Qd7 62. Qd3 Qd6 (62... Qc6 $1 $11) 63. f4 Bc6 64. Bf3 Bb7 65. Qd4 (65. b5 $16) 65... Qc6 66. Qd3 Qd7 (66... Qd6 $1 $11 {keeps the balance.}) 67. Kg3 ({White should play} 67. b5 $16) 67... Qc6 $1 68. h5 gxh5 69. gxh5 {[%cal Oh5h6]} Kf8 {[#]} 70. h6 $1 {White is more active.} gxh6 71. Qh7 {[%cal Ob4b5] b5! is the strong threat.} a6 $2 (71... Bc8 $16) 72. Bh5 $18 {[%csl Gh5][%cal Rh7f7]} ({Less strong is} 72. Qxh6+ Ke8 $16) 72... Qe6 {Inhibits Qf7+.} 73. Qxb7 Qxe3+ 74. Bf3 Qg1+ 75. Bg2 $2 ({White must play} 75. Kh3 $18 Qf1+ 76. Bg2 Qxf4 77. Bxd5 Qe3+ 78. Kg4 Qg5+ 79. Kf3 Qf5+ 80. Ke3 Qg5+ 81. Ke2 Qg4+ 82. Bf3 Qc4+ 83. Ke3) 75... Qe1+ {The position is equal.} 76. Kg4 Qe2+ 77. Kg3 Qe1+ 78. Kg4 Qe2+ 79. Kg3 Qe3+ {Weighted Error Value: White=0.13 (very precise) /Black=0.12 (very precise)} 1/2-1/2

[Event "Zonal 2.3 Absoluto 2022"]
[Site "San Pedro de Macoris"]
[Date "2022.03.24"]
[Round "7.3"]
[White "Barrientos, Sergio E"]
[Black "Sanchez Alvarez, Roberto Carlos"]
[Result "0-1"]
[WhiteElo "2468"]
[BlackElo "2407"]
[Annotator "ChessBase"]
[PlyCount "84"]
[EventDate "2022.03.20"]
[EventCountry "DOM"]
[SourceTitle "playchess.com"]
[Source "ChessBase"]
[SourceQuality "1"]
[TimeControl "40/5400+30:1800+30"]

1. d4 {[%emt 0:06:23]} Nf6 {[%emt 0:16:53]} 2. c4 {[%emt 0:00:06]} e6 {[%emt 0:00:07]} 3. Nf3 {[%emt 0:00:05]} d5 {[%emt 0:00:10]} 4. Nc3 {[%emt 0:00:09]} c5 {[%emt 0:00:37]} 5. cxd5 {[%emt 0:00:42]} Nxd5 {[%emt 0:00:09]} 6. e4 {[%emt 0:07:01]} Nxc3 7. bxc3 {[%emt 0:00:02]} cxd4 {[%emt 0:00:36]} 8. cxd4 {[%emt 0:00:05]} Bb4+ {[%emt 0:00:05]} 9. Bd2 {[%emt 0:00:06]} Bxd2+ {[%emt 0:00:08]} 10. Qxd2 {[%emt 0:00:06]} O-O {[%emt 0:00:11]} 11. Bc4 {[%emt 0:00:04]} Nd7 {[%emt 0:00:07]} 12. O-O {[%emt 0:00:06]} b6 {[%emt 0:00:03]} 13. a4 {[%emt 0:02:23]} Bb7 {[%emt 0:00:16]} 14. Rfe1 {[%emt 0:04:00]} h6 {[%emt 0:00:17]} 15. h3 {[%emt 0:01:53]} Nf6 {[%emt 0:05:41]} 16. Bd3 {[%emt 0:01:06]} Qc7 {[%emt 0:12:25]} 17. a5 {[%emt 0:06:14]} a6 {[%emt 0:03:19]} 18. Rec1 {[%emt 0:10:10]} Qd8 {[%emt 0:00:13]} 19. axb6 {[%emt 0:01:12]} Nxe4 {[%emt 0:11:36]} 20. Qb2 {[%emt 0:29:02]} Nf6 {[%emt 0:10:46]} 21. Ne5 {[%emt 0:00:41]} Nd5 {[%emt 0:00:20]} 22. Be4 {[%emt 0:04:35]} Rb8 {[%emt 0:01:12]} 23. Bxd5 {[%emt 0:04:47]} Bxd5 {[%emt 0:08:01]} 24. Rxa6 {[%emt 0:02:11]} Qg5 {[%emt 0:00:23]} 25. Ng4 {[%emt 0:08:17]} f5 {[%emt 0:02:21]} 26. Ne3 {[%emt 0:00:08]} Bb7 {[%emt 0:00:33]} 27. Ra5 {[%emt 0:01:08]} Qg6 {[%emt 0:11:10]} 28. f4 {[%emt 0:00:13]} Be4 {[%emt 0:00:12]} 29. Rb5 {[%emt 0:01:13]} Rb7 {[%emt 0:07:40]} 30. Rc7 {[%emt 0:00:54]} Rfb8 {[%emt 0:00:20]} 31. Kh2 {[%emt 0:04:46]} Qe8 {[%emt 0:00:33]} 32. Rxb7 {[%emt 0:00:30]} Rxb7 {[%emt 0:00:11]} 33. Nc4 {[%emt 0:02:07]} Bd3 {[%emt 0:02:28]} 34. Qb3 {[%emt 0:02:11]} Qc6 {[%emt 0:00:53]} 35. Rc5 {[%emt 0:02:24]} Qe4 {[%emt 0:00:40]} 36. Qb2 {[%emt 0:00:39]} Qxf4+ {[%emt 0:04:17]} 37. g3 {[%emt 0:00:01]} Qf1 {[%emt 0:00:08]} 38. Ne3 {[%emt 0:00:59]} Rxb6 {[%emt 0:00:36]} 39. Qg2 {[%emt 0:00:48]} Qb1 {[%emt 0:02:31]} 40. Qa8+ {[%emt 0:00:00]} Kh7 {[%emt 0:00:00]} 41. Rc8 {[%emt 0:02:47]} Rb2+ {[%emt 0:01:34]} 42. Ng2 {[%emt 0:00:01]} Rxg2+ {[%emt 0:31:48]} 0-1

[Event "Zonal 2.3 Absoluto 2022"]
[Site "San Pedro de Macoris"]
[Date "2022.03.24"]
[Round "7.4"]
[White "Arvelo Leo, Gian Carlo"]
[Black "Cardoso Cardoso, Jose Gabriel"]
[Result "0-1"]
[WhiteElo "2080"]
[BlackElo "2461"]
[Annotator "ChessBase"]
[PlyCount "62"]
[EventDate "2022.03.20"]
[EventCountry "DOM"]
[SourceTitle "playchess.com"]
[Source "ChessBase"]
[SourceQuality "1"]
[TimeControl "40/5400+30:1800+30"]

1. d4 {[%emt 0:07:20]} d5 {[%emt 0:00:22]} 2. c4 {[%emt 0:01:25]} e6 {[%emt 0:00:08]} 3. Nc3 {[%emt 0:00:52]} Bb4 {[%emt 0:00:09]} 4. a3 {[%emt 0:01:18]} Bxc3+ {[%emt 0:00:09]} 5. bxc3 {[%emt 0:00:07]} c6 {[%emt 0:00:26]} 6. e3 {[%emt 0:00:56]} Nf6 {[%emt 0:00:19]} 7. Bd3 {[%emt 0:01:08]} e5 {[%emt 0:00:23]} 8. Ne2 {[%emt 0:09:49]} e4 {[%emt 0:00:27]} 9. Bb1 {[%emt 0:00:27]} dxc4 {[%emt 0:11:48]} 10. Ng3 {[%emt 0:05:05]} Nd5 {[%emt 0:00:59]} 11. Bd2 {[%emt 0:03:01]} f5 {[%emt 0:00:44]} 12. Qh5+ {[%emt 0:01:15]} g6 {[%emt 0:00:44]} 13. Qh6 {[%emt 0:00:11]} Qf6 {[%emt 0:02:18]} 14. O-O {[%emt 0:03:47]} Qf8 {[%emt 0:05:48]} 15. Qg5 {[%emt 0:02:30]} Qe7 {[%emt 0:03:05]} 16. Qh6 {[%emt 0:05:08]} Nd7 {[%emt 0:04:47]} 17. f3 {[%emt 0:02:19]} N7f6 {[%emt 0:00:06]} 18. Qh4 {[%emt 0:15:56]} h6 {[%emt 0:39:28]} 19. fxe4 {[%emt 0:08:30]} g5 {[%emt 0:00:12]} 20. Qh3 {[%emt 0:00:34]} fxe4 {[%emt 0:01:41]} 21. Nf5 {[%emt 0:01:03]} Bxf5 {[%emt 0:01:04]} 22. Rxf5 {[%emt 0:01:25]} Qd7 {[%emt 0:04:50]} 23. Ba2 {[%emt 0:06:37]} O-O-O {[%emt 0:00:50]} 24. Raf1 {[%emt 0:01:24]} Ne8 {[%emt 0:00:05]} 25. Qh5 {[%emt 0:08:54]} Ng7 {[%emt 0:00:19]} 26. Qh3 {[%emt 0:08:27]} Nxf5 {[%emt 0:00:21]} 27. Rxf5 {[%emt 0:00:08]} Rhf8 {[%emt 0:01:35]} 28. Rxf8 {[%emt 0:02:18]} Rxf8 {[%emt 0:00:04]} 29. Qxh6 {[%emt 0:00:42]} Qf5 {[%emt 0:00:38]} 30. h3 {[%emt 0:00:13]} Qf1+ {[%emt 0:00:24]} 31. Kh2 {[%emt 0:00:12]} Rf2 {[%emt 0:00:09]} 0-1